[Collected papers] (Record no. 16666)

MARC details
000 -LEADER
fixed length control field 01305cam a22003491 4500
001 - CONTROL NUMBER
control field ca 30000859
003 - CONTROL NUMBER IDENTIFIER
control field DLC
005 - DATE AND TIME OF LATEST TRANSACTION
control field 20260227111123.0
008 - FIXED-LENGTH DATA ELEMENTS--GENERAL INFORMATION
fixed length control field 771005m19209999cauabcf b 000 0 eng
010 ## - LIBRARY OF CONGRESS CONTROL NUMBER
LC control number ca 30000859
035 ## - SYSTEM CONTROL NUMBER
System control number (OCoLC)3319797
040 ## - CATALOGING SOURCE
Original cataloging agency DLC
Transcribing agency CCC
Modifying agency OCoLC
-- DLC
042 ## - AUTHENTICATION CODE
Authentication code premarc
050 00 - LIBRARY OF CONGRESS CALL NUMBER
Classification number QC852
Item number .C3
100 1# - MAIN ENTRY--PERSONAL NAME
Personal name Carpenter, Ford A.
Fuller form of name (Ford Ashman),
Dates associated with a name 1868-
245 00 - TITLE STATEMENT
Title [Collected papers]
260 ## - PUBLICATION, DISTRIBUTION, ETC.
Place of publication, distribution, etc. Los Angeles, Calif.
Date of publication, distribution, etc. 1920-
300 ## - PHYSICAL DESCRIPTION
Extent pieces in v.
Other physical details illus. (incl. ports., maps) plates, diagrs.
Dimensions 27 cm.
500 ## - GENERAL NOTE
General note Pamphlets, reprints, clippings and mimeographed copies of articles from various publications, written by the manager of the Department of meteorology and aeronautics of the Los Angeles Chamber of Commerce.
500 ## - GENERAL NOTE
General note Collected, bound and titled by the author.
504 ## - BIBLIOGRAPHY, ETC. NOTE
Bibliography, etc. note "The bibliography of Ford Ashman Carpenter": vol. IV, no. 33.
500 ## - GENERAL NOTE
General note Library has, v.3,4.
650 #0 - SUBJECT ADDED ENTRY--TOPICAL TERM
Topical term or geographic name entry element Meteorology.
650 #0 - SUBJECT ADDED ENTRY--TOPICAL TERM
Topical term or geographic name entry element Meteorology in aeronautics.
650 #0 - SUBJECT ADDED ENTRY--TOPICAL TERM
Topical term or geographic name entry element Meteorology
Geographic subdivision California.
650 #0 - SUBJECT ADDED ENTRY--TOPICAL TERM
Topical term or geographic name entry element Aeronautics.
600 10 - SUBJECT ADDED ENTRY--PERSONAL NAME
Personal name Carpenter, Ford Ashman,
Dates associated with a name 1868-
Form subdivision Bibliography.
740 0# - ADDED ENTRY--UNCONTROLLED RELATED/ANALYTICAL TITLE
Uncontrolled related/analytical title Twenty weather reprints.
740 0# - ADDED ENTRY--UNCONTROLLED RELATED/ANALYTICAL TITLE
Uncontrolled related/analytical title Weather methods.
740 0# - ADDED ENTRY--UNCONTROLLED RELATED/ANALYTICAL TITLE
Uncontrolled related/analytical title Climatic and other comparisons.
740 0# - ADDED ENTRY--UNCONTROLLED RELATED/ANALYTICAL TITLE
Uncontrolled related/analytical title Weather and flight.

No items available.

Powered by Koha